[Event "Maastricht Limburg op-C 6th"]
[Site "Maastricht"]
[Date "2012.05.25"]
[Round "1"]
[White "Hong, Jeffrey"]
[Black "Kuiper, Adrian"]
[Result "1-0"]
[WhiteElo "1119"]
[BlackElo "1569"]
[PlyCount "77"]
[EventDate "2012.05.25"]
[EventType "swiss"]
[EventRounds "7"]
[EventCountry "NED"]
[SourceTitle "EXT 2013"]
[Source "ChessBase"]
[SourceDate "2012.11.22"]
[SourceVersion "1"]
[SourceVersionDate "2012.11.22"]
[SourceQuality "1"]

1. e4 c5 2. Nf3 d6 3. d4 cxd4 4. Nxd4 Nf6 5. Nc3 a6 6. g3 e5 7. Nf3 Be7 8. Bg2 0-0 9. 0-0 Bg4 10. h3 Bh5 11. Be3 Nbd7 12. Nd5 Nxe4 13. Nxe7+ Qxe7 14. g4 Bg6 15. h4 h6 16. g5 hxg5 17. Nxg5 Nxg5 18. Bxg5 f6 19. Bc1 Nc5 20. Be3 Rac8 21. c3 Rfd8 22. h5 Bf7 23. h6 g5 24. Qc2 e4 25. Bxc5 Rxc5 26. Bxe4 Re5 27. Bh7+ Kh8 28. Qd3 b5 29. Bg6 Bc4 30. Qd4 Bxf1 31. Rxf1 Qe6 32. Kh2 f5 33. Qb6 Rf8 34. Bh5 Qxh6 35. Kg2 f4 36. Rh1 Kg8 37. Bf7+ Kg7 38. Rxh6 f3+ 39. Kg3 1-0